| 000 | 00365cam a22001217a 4500 | ||
|---|---|---|---|
| 008 | 180718b1966 xxu||||| |||| 00| 0 eng d | ||
| 082 | _aA81x54 In2/61/5/PT9 | ||
| 100 | _aCensus of India 1961 | ||
| 245 | _aGujarat: census atlas | ||
| 260 |
_aDelhi _bThe Manager of Publications _c1966 |
||
| 300 | _a413+p. | ||
| 440 | _aCensus of India 1961. Volume V, Gujarat. Part IX | ||
| 999 |
_c484184 _d484184 |
||